| 000 | 00576nam a2200205Ia 4500 | ||
|---|---|---|---|
| 003 | STCL | ||
| 008 | 230729s9999 xx 000 0 und d | ||
| 020 | _a9788120332362 | ||
| 040 |
_aSTCL _cSTCL _bEN |
||
| 082 | _222 | ||
| 100 | _aShah, Nilesh | ||
| 245 | 0 | _aDatabase systems using oracle: a simplified guide to SQL and PL/SQL | |
| 246 | _aDatabase systems using oracle: a simplified guide to SQL and PL SQL | ||
| 250 | _a2 | ||
| 260 |
_bPHI Learning Private Limited _aNew Delhi _c2009 |
||
| 300 | _a432 p | ||
| 365 | _b250 | ||
| 546 | _aEnglish | ||
| 942 |
_2DDC _e22 _cBK |
||
| 999 |
_c90008 _d90008 |
||